Jevropejskaja kompanija: sozdanije i kratkaja charakteristika

Charakteristika a fungovanie európskej spoločnosti (societas europaea) na území krajín Európskej únie s dôrazom na krajiny Vyšehradskej štvorky a na Slovenskú republiku.

Enregistré dans:
Détails bibliographiques
Auteur principal: Martyniv, Halina
Format: Chapitre de livre
Langue:russe
Sujets:
Tags: Ajouter un tag
Pas de tags, Soyez le premier à ajouter un tag!

MARC

LEADER 00000naa a2200000 4500
001 0155424
005 20240502083348.9
041 0 |a rus 
044 |a RU 
245 1 0 |a Jevropejskaja kompanija: sozdanije i kratkaja charakteristika  |c G. Martyniv 
520 |a Charakteristika a fungovanie európskej spoločnosti (societas europaea) na území krajín Európskej únie s dôrazom na krajiny Vyšehradskej štvorky a na Slovenskú republiku. 
610 2 0 |a spolupráca hospodárska medzinárodná 
610 2 0 |a spoločnosti obchodné 
610 2 0 |a obchod medzinárodný 
610 2 0 |a podnikanie medzinárodné 
610 2 0 |a Európska únia 
610 2 0 |a Vyšehradská štvorka 
610 2 0 |a Slovensko 
100 1 |a Martyniv, Halina